<?xml version="1.0" encoding="UTF-8"?>
<record
    xmlns:xsi="http://www.w3.org/2001/XMLSchema-instance"
    xsi:schemaLocation="http://www.loc.gov/MARC21/slim http://www.loc.gov/standards/marcxml/schema/MARC21slim.xsd"
    xmlns="http://www.loc.gov/MARC21/slim">

  <leader>01237nam a22002417a 4500</leader>
  <controlfield tag="005">2011021407497.0</controlfield>
  <controlfield tag="008">110214t        xxu||||| |||| 00| 0 mar d</controlfield>
  <datafield tag="010" ind1=" " ind2=" ">
    <subfield code="a">MAR-20595</subfield>
  </datafield>
  <datafield tag="020" ind1=" " ind2=" ">
    <subfield code="a">9788184981995</subfield>
    <subfield code="c">250.00</subfield>
  </datafield>
  <datafield tag="035" ind1=" " ind2=" ">
    <subfield code="a">MR-13253</subfield>
  </datafield>
  <datafield tag="037" ind1=" " ind2=" ">
    <subfield code="b">DBAD / PUB</subfield>
  </datafield>
  <datafield tag="040" ind1=" " ind2=" ">
    <subfield code="a">DPL</subfield>
    <subfield code="b">MR</subfield>
  </datafield>
  <datafield tag="082" ind1=" " ind2=" ">
    <subfield code="a">891.46301</subfield>
  </datafield>
  <datafield tag="100" ind1=" " ind2=" ">
    <subfield code="a">&#x915;&#x945;&#x928;&#x92B;&#x93F;&#x932;&#x94D;&#x921;,&#x91C;&#x945;&#x915;</subfield>
    <subfield code="9">25957</subfield>
  </datafield>
  <datafield tag="245" ind1=" " ind2=" ">
    <subfield code="a">&#x91A;&#x93F;&#x915;&#x928; &#x938;&#x942;&#x92A; &#x92B;&#x949;&#x930; &#x926; &#x92A;&#x947;&#x930;&#x947;&#x902;&#x91F;&#x94D;&#x938; /</subfield>
    <subfield code="c">&#x91C;&#x945;&#x915; &#x915;&#x945;&#x928;&#x92B;&#x93F;&#x932;&#x94D;&#x921; (  &#x906;&#x926;&#x93F; )  : &#x92A;&#x94D;&#x930;&#x91C;&#x94D;&#x91E;&#x93E; &#x913;&#x915; &#x926;&#x94D;&#x935;&#x93E;&#x930;&#x93E; &#x905;&#x928;&#x941;&#x935;&#x93E;&#x926;&#x93F;&#x924;</subfield>
  </datafield>
  <datafield tag="246" ind1=" " ind2=" ">
    <subfield code="a">Chicken Soup for the Parents Soul</subfield>
    <subfield code="b">Jack Canfield</subfield>
  </datafield>
  <datafield tag="260" ind1=" " ind2=" ">
    <subfield code="a">&#x92A;&#x941;&#x923;&#x947;</subfield>
    <subfield code="b">&#x92E;&#x947;&#x939;&#x924;&#x93E; &#x92A;&#x92C;&#x94D;&#x932;&#x93F;&#x936;&#x93F;&#x902;&#x917; &#x939;&#x93E;&#x90A;&#x938;</subfield>
    <subfield code="c">2011</subfield>
  </datafield>
  <datafield tag="270" ind1=" " ind2=" ">
    <subfield code="a">1941 &#x938;&#x926;&#x93E;&#x936;&#x93F;&#x935; &#x92A;&#x947;&#x920;,&#x92E;&#x93E;&#x921;&#x940;&#x935;&#x93E;&#x932;&#x947; &#x915;&#x949;&#x932;&#x928;&#x940;</subfield>
    <subfield code="b">&#x92A;&#x941;&#x923;&#x947;</subfield>
    <subfield code="e">411030</subfield>
  </datafield>
  <datafield tag="300" ind1=" " ind2=" ">
    <subfield code="a">&#x938;&#x939;&#x93E;,293&#x92A;&#x943;.</subfield>
    <subfield code="c">21 &#x938;&#x947;&#x92E;&#x940; (&#x905;&#x91C;&#x93F;&#x932;&#x94D;&#x926;)</subfield>
    <subfield code="b">&#x938;&#x91A;&#x93F;&#x924;&#x94D;&#x930; </subfield>
  </datafield>
  <datafield tag="700" ind1=" " ind2=" ">
    <subfield code="a">&#x913;&#x915;,&#x92A;&#x94D;&#x930;&#x91C;&#x94D;&#x91E;&#x93E;</subfield>
    <subfield code="9">25959</subfield>
  </datafield>
  <datafield tag="942" ind1=" " ind2=" ">
    <subfield code="2">ddc</subfield>
    <subfield code="c">MR</subfield>
    <subfield code="h">891.46301</subfield>
    <subfield code="m">&#x915;&#x945;&#x928;&#x92B;&#x93F;</subfield>
  </datafield>
  <datafield tag="999" ind1=" " ind2=" ">
    <subfield code="c">50620</subfield>
    <subfield code="d">50620</subfield>
  </datafield>
  <datafield tag="952" ind1=" " ind2=" ">
    <subfield code="0">0</subfield>
    <subfield code="1">0</subfield>
    <subfield code="2">ddc</subfield>
    <subfield code="4">0</subfield>
    <subfield code="7">1</subfield>
    <subfield code="8">FIC</subfield>
    <subfield code="a">DBAD</subfield>
    <subfield code="b">DBAD</subfield>
    <subfield code="d">2011-02-17</subfield>
    <subfield code="e">DBAD / PUB</subfield>
    <subfield code="g">250.00</subfield>
    <subfield code="l">0</subfield>
    <subfield code="o">891.46301 &#x915;&#x945;&#x928;&#x92B;&#x93F;</subfield>
    <subfield code="p">MR-13253</subfield>
    <subfield code="r">2011-02-17 00:00:00</subfield>
    <subfield code="t">1</subfield>
    <subfield code="v">250.00</subfield>
    <subfield code="w">2011-02-17</subfield>
    <subfield code="y">MR</subfield>
  </datafield>
</record>
